000 00721nam a22002177a 4500
999 _c9439
_d9439
001 9439
003 OSt
005 20180314125322.0
008 180314b1988 bg ||||| |||| 00| 0 ben d
035 _a(BD-JhCC)9439
040 _aBD-JhCC
_dBD-JhCC
041 _aben
082 _a923.00
_bAJA 1988
100 _aআজহার, খানবাহাদুর মওলবী মুহাম্মদ
245 _aমুক্তি দূত /
_cখানবাহাদুর মওলবী মুহাম্মদ আজহার
260 _aঢাকা :
_bএস এম হাবিবুর রহমান
_c1988.
300 _a96 p. :
_c21 cm.
650 _aBiography
942 _2ddc
_cBK